[Event "Titled Tuesday intern op 30th June"]
[Site "Chess.com INT"]
[Date "2020.06.30"]
[Round "5"]
[White "Green, Andrew"]
[Black "Petkov, Momchil"]
[Result "0-1"]
[WhiteElo "2154"]
[BlackElo "2315"]
[PlyCount "42"]
[EventDate "2020.06.30"]
[EventType "swiss (blitz)"]
[EventRounds "10"]
[EventCountry "USA"]
[SourceTitle "CBM 197 Extra"]
[Source "ChessBase"]
[SourceDate "2020.09.30"]
[SourceVersion "1"]
[SourceVersionDate "2020.09.30"]
[SourceQuality "1"]

1. d4 Nf6 2. Nf3 e6 3. g3 d5 4. Bg2 b5 5. 0-0 Bb7 6. a4 b4 7. c4 bxc3 8. Nxc3 Nbd7 9. Bf4 Bd6 10. Rc1 Bxf4 11. gxf4 0-0 12. Nb5 c6 13. Na3 Qb6 14. Nc2 a5 15. Kh1 c5 16. Rg1 Ne4 17. Qe1 Ndf6 18. e3 Ng4 19. Rf1 Qxb2 20. Nd2 Ngxf2+ 21. Kg1 Nd3 0-1

[Event "Titled Tuesday intern op 30th June"]
[Site "Chess.com INT"]
[Date "2020.06.30"]
[Round "7"]
[White "Green, Andrew"]
[Black "Schrik, Rachid"]
[Result "0-1"]
[WhiteElo "2154"]
[BlackElo "2198"]
[PlyCount "146"]
[EventDate "2020.06.30"]
[EventType "swiss (blitz)"]
[EventRounds "10"]
[EventCountry "USA"]
[SourceTitle "CBM 197 Extra"]
[Source "ChessBase"]
[SourceDate "2020.09.30"]
[SourceVersion "1"]
[SourceVersionDate "2020.09.30"]
[SourceQuality "1"]

1. d4 Nf6 2. Nf3 e6 3. g3 b5 4. Bg2 Bb7 5. 0-0 Be7 6. a4 b4 7. Re1 0-0 8. b3 c5 9. Bb2 a5 10. Nbd2 d5 11. e3 Nbd7 12. h3 Qb6 13. Rc1 Rac8 14. Kh2 c4 15. c3 cxb3 16. Qxb3 bxc3 17. Rxc3 Bb4 18. Rxc8 Rxc8 19. Rc1 Rxc1 20. Bxc1 Qc7 21. Bb2 h6 22. Bf1 Bc6 23. Bd3 Nb6 24. Bc2 Bxa4 25. Qxa4 Nxa4 26. Bxa4 Bc3 27. Bc1 Qb6 28. Ba3 Bb4 29. Bc1 Bxd2 30. Bxd2 Ne4 31. Be1 Qb2 32. Kg2 Qa2 33. Be8 a4 34. Ne5 f6 35. Nd3 a3 36. Bd7 Kf7 37. Nf4 Ng5 38. h4 Qb2 39. hxg5 hxg5 40. Bxe6+ Kf8 41. Ng6+ Ke8 42. Bxd5 a2 43. Bxa2 Qxa2 44. e4 g4 45. Nf4 Qc2 46. e5 Qe4+ 47. Kf1 fxe5 48. dxe5 Qxe5 49. Bd2 Qb5+ 50. Kg1 Qb2 51. Be3 Qb1+ 52. Kg2 Qe4+ 53. Kg1 Qf3 54. Ng6 Kd8 55. Bg5+ Kc8 56. Be3 Kb7 57. Ne5 Qd1+ 58. Kh2 Qd5 59. Nxg4 Qh5+ 60. Kg2 Qxg4 61. Bf4 Qf5 62. Be3 Qe4+ 63. Kg1 Qd5 64. Kh2 g5 65. Kg1 g4 66. Kh2 Qf3 67. Kg1 Kc6 68. Kh2 Kd5 69. Kg1 Ke4 70. Kh2 Kd3 71. Kg1 Ke2 72. Kh2 Kf1 73. Bf4 Qg2# 0-1

[Event "Titled Tuesday intern op 30th June"]
[Site "Chess.com INT"]
[Date "2020.06.30"]
[Round "6"]
[White "Reimanis, Ritvars"]
[Black "Green, Andrew"]
[Result "1-0"]
[WhiteElo "2421"]
[BlackElo "2154"]
[PlyCount "51"]
[EventDate "2020.06.30"]
[EventType "swiss (blitz)"]
[EventRounds "10"]
[EventCountry "USA"]
[SourceTitle "CBM 197 Extra"]
[Source "ChessBase"]
[SourceDate "2020.09.30"]
[SourceVersion "1"]
[SourceVersionDate "2020.09.30"]
[SourceQuality "1"]

1. d4 Nf6 2. c4 g6 3. Nc3 Bg7 4. e4 d6 5. Be2 0-0 6. Nf3 Bg4 7. 0-0 Nfd7 8. Bg5 Nc6 9. d5 Bxf3 10. Bxf3 Nd4 11. Be2 h6 12. Be3 e5 13. Nb5 Qf6 14. Nxc7 Rab8 15. Nb5 a6 16. Nc3 b5 17. cxb5 axb5 18. Bxd4 exd4 19. Nxb5 Nc5 20. f3 d3 21. Bxd3 Qxb2 22. Rb1 Qxa2 23. Nxd6 Qa3 24. Be2 Nb3 25. Nc4 Nd4 26. Nxa3 1-0

[Event "Titled Tuesday intern op 23rd June"]
[Site "Chess.com INT"]
[Date "2020.06.23"]
[Round "1"]
[White "Green, Andrew"]
[Black "Dourerassou, Jonathan"]
[Result "0-1"]
[WhiteElo "2154"]
[BlackElo "2477"]
[PlyCount "80"]
[EventDate "2020.06.23"]
[EventType "swiss (blitz)"]
[EventRounds "10"]
[EventCountry "USA"]
[SourceTitle "CBM 197 Extra"]
[Source "ChessBase"]
[SourceDate "2020.09.30"]
[SourceVersion "1"]
[SourceVersionDate "2020.09.30"]
[SourceQuality "1"]

1. e4 c5 2. Nf3 Nc6 3. Bb5 g6 4. 0-0 Bg7 5. Nc3 Nd4 6. Bc4 e6 7. Nxd4 cxd4 8. Ne2 Ne7 9. d3 0-0 10. Bb3 d5 11. f4 dxe4 12. dxe4 b6 13. e5 Ba6 14. Rf3 Nf5 15. g4 Bb7 16. Rh3 Nh6 17. Nxd4 Nxg4 18. c3 h5 19. Bd2 Re8 20. Qe2 Qc7 21. Rg3 Rad8 22. Rc1 Nh6 23. f5 Nxf5 24. Nxf5 exf5 25. Rxg6 Rxe5 26. Bf4 Rxe2 27. Bxc7 Rdd2 28. Rg5 Rg2+ 29. Rxg2 Rxg2+ 30. Kf1 Rxb2 31. Rd1 Bxc3 32. Rd7 Ba6+ 33. Kg1 Rb1+ 34. Kf2 Rb2+ 35. Kg1 Kg7 36. Rxf7+ Kg6 37. Rd7 Bb4 38. Bd6 Rd2 39. Bf7+ Kf6 40. Be7+ Kxf7 0-1

[Event "Titled Tuesday intern op 9th June"]
[Site "Chess.com INT"]
[Date "2020.06.09"]
[Round "2"]
[White "Green, Andrew"]
[Black "Dourerassou, Jonathan"]
[Result "0-1"]
[WhiteElo "2154"]
[BlackElo "2477"]
[PlyCount "66"]
[EventDate "2020.06.09"]
[EventType "swiss (blitz)"]
[EventRounds "10"]
[EventCountry "USA"]
[SourceTitle "CBM 196 Extra"]
[Source "ChessBase"]
[SourceDate "2020.07.31"]
[SourceVersion "1"]
[SourceVersionDate "2020.07.31"]
[SourceQuality "1"]

1. e4 d6 2. d4 Nf6 3. Nc3 Nbd7 4. Nf3 e5 5. Bc4 Be7 6. a4 c6 7. 0-0 Qc7 8. Nh4 exd4 9. Qxd4 Ne5 10. Bb3 Be6 11. Bxe6 fxe6 12. f4 Nf7 13. Nf3 e5 14. fxe5 dxe5 15. Qc4 0-0-0 16. Be3 Nd6 17. Qe6+ Kb8 18. Nxe5 Rhe8 19. Nf7 Bf8 20. Nxd8 Qxd8 21. Qh3 Ndxe4 22. Nxe4 Rxe4 23. Bf4+ Ka8 24. Rad1 Qe8 25. Bc7 Nd5 26. Ba5 b6 27. Bd2 h6 28. Qf3 Bc5+ 29. Kh1 Be3 30. b3 Bxd2 31. Rxd2 Re3 32. Qf7 Qxf7 33. Rxf7 Re1+ 0-1

[Event "Titled Tuesday intern op 9th June"]
[Site "Chess.com INT"]
[Date "2020.06.09"]
[Round "9"]
[White "Green, Andrew"]
[Black "Ozdemir, Serhan Berat"]
[Result "0-1"]
[WhiteElo "2154"]
[BlackElo "2191"]
[PlyCount "108"]
[EventDate "2020.06.09"]
[EventType "swiss (blitz)"]
[EventRounds "10"]
[EventCountry "USA"]
[SourceTitle "CBM 196 Extra"]
[Source "ChessBase"]
[SourceDate "2020.07.31"]
[SourceVersion "1"]
[SourceVersionDate "2020.07.31"]
[SourceQuality "1"]

1. e4 c5 2. Nf3 e6 3. c3 Nf6 4. e5 Nd5 5. d4 cxd4 6. cxd4 d6 7. Bd2 Bd7 8. Nc3 Bc6 9. Nxd5 Bxd5 10. Bd3 Nc6 11. Bc3 dxe5 12. dxe5 Bb4 13. Bxb4 Nxb4 14. Qa4+ Nc6 15. Qg4 Bxf3 16. Qxf3 Qa5+ 17. Kf1 0-0 18. Re1 Rad8 19. h4 g6 20. Qe3 Rd5 21. f4 Rfd8 22. Be4 Rd1 23. Kf2 R1d2+ 24. Kg3 Nxe5 25. fxe5 Qxe5+ 26. Kh3 Qxb2 27. h5 Qb5 28. Qh6 Qe5 29. g3 Qg7 30. Qxg7+ Kxg7 31. hxg6 hxg6 32. a4 b6 33. Rhf1 R8d4 34. Bf3 Rxa4 35. g4 Rd3 36. Kg3 Raa3 37. Kg2 e5 38. Rxe5 Rab3 39. Re7 Re3 40. Bd1 Rb2+ 41. Kg1 Rxe7 42. Bf3 Re3 43. g5 Rxf3 44. Rxf3 Rb5 45. Rg3 Rf5 46. Kg2 a5 47. Kh3 b5 48. Kg4 a4 49. Rd3 Rc5 50. Rd7 a3 51. Ra7 Rc4+ 52. Kf3 Ra4 53. Rb7 a2 54. Ke3 a1Q 0-1

[Event "Titled Tuesday intern op 9th June"]
[Site "Chess.com INT"]
[Date "2020.06.09"]
[Round "5"]
[White "Green, Andrew"]
[Black "Saravana, Krishnan P"]
[Result "0-1"]
[WhiteElo "2154"]
[BlackElo "2312"]
[PlyCount "68"]
[EventDate "2020.06.09"]
[EventType "swiss (blitz)"]
[EventRounds "10"]
[EventCountry "USA"]
[SourceTitle "CBM 196 Extra"]
[Source "ChessBase"]
[SourceDate "2020.07.31"]
[SourceVersion "1"]
[SourceVersionDate "2020.07.31"]
[SourceQuality "1"]

1. e4 c6 2. Nf3 d5 3. Nc3 dxe4 4. Nxe4 Nf6 5. Qe2 Nxe4 6. Qxe4 Nd7 7. b3 Nf6 8. Qh4 Bf5 9. Bb2 g6 10. Nd4 Bd7 11. Bc4 Bg7 12. 0-0-0 b5 13. Be2 a5 14. Bf3 Rc8 15. Rhe1 0-0 16. g4 c5 17. Ne2 e6 18. g5 Ne8 19. Bxg7 Nxg7 20. Qf4 a4 21. Kb1 axb3 22. cxb3 e5 23. Qxe5 Bf5+ 24. Ka1 Re8 25. Qc3 b4 26. Qb2 Qxg5 27. Ng3 h5 28. d4 cxd4 29. Qxd4 Rxe1 30. Rxe1 Rc1+ 31. Kb2 Rc2+ 32. Ka1 Qc1+ 33. Rxc1 Rxc1+ 34. Kb2 Rb1# 0-1

[Event "Titled Tuesday intern op 6th June"]
[Site "Chess.com INT"]
[Date "2020.06.02"]
[Round "8"]
[White "Green, Andrew"]
[Black "Garcia Cardenas, Pablo"]
[Result "0-1"]
[WhiteElo "2154"]
[BlackElo "2422"]
[PlyCount "60"]
[EventDate "2020.06.02"]
[EventType "swiss (blitz)"]
[EventRounds "10"]
[EventCountry "USA"]
[SourceTitle "CBM 196 Extra"]
[Source "ChessBase"]
[SourceDate "2020.07.31"]
[SourceVersion "1"]
[SourceVersionDate "2020.07.31"]
[SourceQuality "1"]

1. e4 c5 2. Nf3 e6 3. c3 Nf6 4. e5 Nd5 5. d4 cxd4 6. cxd4 Nc6 7. Bd2 d6 8. Nc3 Be7 9. a3 0-0 10. Bd3 Nc7 11. Qe2 Re8 12. Qe4 g6 13. h4 f5 14. exf6 Bxf6 15. h5 d5 16. Qe2 e5 17. dxe5 Nxe5 18. Nxe5 Rxe5 19. Be3 d4 20. 0-0-0 Be6 21. Bc4 Rc8 22. Rxd4 Qxd4 23. Bxd4 Rxe2 24. Bxe2 Bxd4 25. hxg6 hxg6 26. Rh6 Kg7 27. Rh4 Bf6 28. Rb4 b6 29. Re4 Bf5 30. Re3 Nd5 0-1

[Event "Titled Tuesday intern op 6th June"]
[Site "Chess.com INT"]
[Date "2020.06.02"]
[Round "10"]
[White "Green, Andrew"]
[Black "Vyatkin, Dmitry"]
[Result "0-1"]
[WhiteElo "2154"]
[BlackElo "2362"]
[PlyCount "164"]
[EventDate "2020.06.02"]
[EventType "swiss (blitz)"]
[EventRounds "10"]
[EventCountry "USA"]
[SourceTitle "CBM 196 Extra"]
[Source "ChessBase"]
[SourceDate "2020.07.31"]
[SourceVersion "1"]
[SourceVersionDate "2020.07.31"]
[SourceQuality "1"]

1. e4 e6 2. Nf3 d5 3. Nc3 d4 4. Ne2 c5 5. c3 Nf6 6. cxd4 cxd4 7. e5 Nfd7 8. Nexd4 Nxe5 9. Bb5+ Nec6 10. 0-0 Bd7 11. Ne2 Be7 12. d4 Nb4 13. Bc4 0-0 14. Nf4 Bc6 15. Ne5 Nd5 16. Nh5 Nf6 17. Re1 Bd5 18. Bd3 Nbd7 19. Bg5 Nxe5 20. dxe5 Nxh5 21. Bxe7 Qxe7 22. Qxh5 g6 23. Qh6 Rfd8 24. Re3 Qf8 25. Qf4 Rac8 26. h4 h6 27. a3 Qg7 28. Rae1 Bc6 29. Rg3 Rd5 30. Bc4 Rd7 31. Qg4 Re8 32. Ree3 a6 33. Qf4 Bd5 34. Bd3 Red8 35. Qb4 Bc6 36. Bc2 Rd4 37. Qb6 R8d7 38. Qa7 Rxh4 39. Qb8+ Qf8 40. Qa7 g5 41. Qb6 Qd8 42. Qb3 b5 43. a4 Bd5 44. Qa3 Bc4 45. Qc3 bxa4 46. Re4 Rxe4 47. Bxe4 Rd1+ 48. Kh2 Qd4 49. Qf3 Qxe5 50. Bc2 Re1 51. Qa8+ Kg7 52. Qf3 Rc1 53. Be4 Bd5 54. Bxd5 exd5 55. Qd3 Qe1 56. Kh3 Qh1+ 57. Kg4 Qh4+ 58. Kf3 Qe4+ 59. Qxe4 dxe4+ 60. Kxe4 Rc2 61. Ra3 Rxb2 62. Rxa4 Rxf2 63. Rxa6 Rxg2 64. Kf3 Rb2 65. Kg4 f6 66. Kf3 Rb4 67. Ra8 Kg6 68. Ra7 Kf5 69. Ra6 Kg6 70. Kg2 h5 71. Rc6 h4 72. Rc5 g4 73. Rd5 Rb2+ 74. Kf1 Rb1+ 75. Ke2 Rb2+ 76. Ke3 h3 77. Kf4 h2 78. Rd2 f5 79. Rxb2 h1Q 80. Rb6+ Kf7 81. Kxf5 Qf3+ 82. Kg5 Qe3+ 0-1